The 20-30 something garden guide : (Record no. 1860)

MARC details
000 -LEADER
fixed length control field 02711cam a22005417i 4500
001 - CONTROL NUMBER
control field data
005 - DATE AND TIME OF LATEST TRANSACTION
control field 20260322212121.0
008 - FIXED-LENGTH DATA ELEMENTS--GENERAL INFORMATION
fixed length control field data
035 ## - SYSTEM CONTROL NUMBER
System control number 17755053
010 ## - LIBRARY OF CONGRESS CONTROL NUMBER
LC control number 2013941487
020 ## - INTERNATIONAL STANDARD BOOK NUMBER
International Standard Book Number 9780985562274
Qualifying information alk. paper)
-- alk. paper)
020 ## - INTERNATIONAL STANDARD BOOK NUMBER
International Standard Book Number 0985562277
Qualifying information alk. paper)
-- alk. paper)
035 ## - SYSTEM CONTROL NUMBER
System control number (OCoLC)877912154
040 ## - CATALOGING SOURCE
Original cataloging agency AZZPT
Language of cataloging eng
Transcribing agency AZZPT
Description conventions rda
Modifying agency DLC
-- OCLCF
-- CIB
-- EEM
-- OCLCQ
-- UPZ
-- DLC
042 ## - AUTHENTICATION CODE
Authentication code lccopycat
050 00 - LIBRARY OF CONGRESS CALL NUMBER
Classification number SB453
Item number .N37 2014
082 04 - DEWEY DECIMAL CLASSIFICATION NUMBER
Classification number 635
Edition information 23
100 1# - MAIN ENTRY--PERSONAL NAME
Personal name Nash, Dee A.,
Relator term author.
245 14 - TITLE STATEMENT
Title The 20-30 something garden guide :
Remainder of title a no-fuss, down and dirty, gardening 101 for anyone who wants to grow stuff /
Statement of responsibility, etc. Dee Nash.
246 3# - VARYING FORM OF TITLE
Title proper/short title Twenty-thirty something garden guide
250 ## - EDITION STATEMENT
Edition statement First edition.
264 #1 - PRODUCTION, PUBLICATION, DISTRIBUTION, MANUFACTURE, AND COPYRIGHT NOTICE
Place of production, publication, distribution, manufacture Pittsburgh, PA :
Name of producer, publisher, distributor, manufacturer St. Lynns Press,
Date of production, publication, distribution, manufacture, or copyright notice 2014.
300 ## - PHYSICAL DESCRIPTION
Extent xviii, 140 pages :
Other physical details photographs ;
Dimensions 23 cm
336 ## - CONTENT TYPE
Content type term text
Content type code txt
Source rdacontent
336 ## - CONTENT TYPE
Content type term still image
Content type code sti
Source rdacontent
337 ## - MEDIA TYPE
Media type term unmediated
Media type code n
Source rdamedia
338 ## - CARRIER TYPE
Carrier type term volume
Carrier type code nc
Source rdacarrier
500 ## - GENERAL NOTE
General note Includes glossary.
500 ## - GENERAL NOTE
General note Includes index.
505 0# - FORMATTED CONTENTS NOTE
Formatted contents note Sunshine, soil, and new beginnings -- Three seasons of plenty -- The year of achieving container wisdom -- Looking at design -- Keeping small and in charge -- Stay the course, but try something new -- Creating a garden of delights -- Pathways, garden art and relaxation -- Caring for the soil...and yourself -- Gardening in community -- Seven habits of gardeners who care.
520 ## - SUMMARY, ETC.
Summary, etc. Garden expert Dee Nash divides her book into four types and sizes of gardens, starting with Farming Your Patio, Balcony or Deck, and giving incremental goals for the first year, and the second and third. With this guide as a basic roadmap, new gardeners can be as creative and out-of-the-box as they want. It's theirs to enjoy. A step-by-step guide with lots of photos.--
Assigning source Source other than Library of Congress.
650 #0 - SUBJECT ADDED ENTRY--TOPICAL TERM
Topical term or geographic name entry element Gardening.
650 #0 - SUBJECT ADDED ENTRY--TOPICAL TERM
Topical term or geographic name entry element Container gardening.
650 #0 - SUBJECT ADDED ENTRY--TOPICAL TERM
Topical term or geographic name entry element Vegetable gardening.
650 #0 - SUBJECT ADDED ENTRY--TOPICAL TERM
Topical term or geographic name entry element Urban gardening.
650 #0 - SUBJECT ADDED ENTRY--TOPICAL TERM
Topical term or geographic name entry element Community gardens.
650 #0 - SUBJECT ADDED ENTRY--TOPICAL TERM
Topical term or geographic name entry element Landscape gardening.
650 #7 - SUBJECT ADDED ENTRY--TOPICAL TERM
Topical term or geographic name entry element Community gardens.
Source of heading or term fast
Authority record control number or standard number (OCoLC)fst00870927
650 #7 - SUBJECT ADDED ENTRY--TOPICAL TERM
Topical term or geographic name entry element Container gardening.
Source of heading or term fast
Authority record control number or standard number (OCoLC)fst00876517
650 #7 - SUBJECT ADDED ENTRY--TOPICAL TERM
Topical term or geographic name entry element Gardening.
Source of heading or term fast
Authority record control number or standard number (OCoLC)fst00937852
650 #7 - SUBJECT ADDED ENTRY--TOPICAL TERM
Topical term or geographic name entry element Landscape gardening.
Source of heading or term fast
Authority record control number or standard number (OCoLC)fst00991916
650 #7 - SUBJECT ADDED ENTRY--TOPICAL TERM
Topical term or geographic name entry element Urban gardening.
Source of heading or term fast
Authority record control number or standard number (OCoLC)fst01736502
650 #7 - SUBJECT ADDED ENTRY--TOPICAL TERM
Topical term or geographic name entry element Vegetable gardening.
Source of heading or term fast
Authority record control number or standard number (OCoLC)fst01164731
906 ## - LOCAL DATA ELEMENT F, LDF (RLIN)
a 7
b cbc
c copycat
d 2
e epcn
f 20
g y-gencatlg
925 0# -
-- acquire
-- 1 shelf copy
-- policy default
Holdings
Withdrawn status Lost status Damaged status Not for loan Home library Current library Shelving location Date acquired Total checkouts Full call number Barcode Date last seen Price effective from Koha item type
        Centerville Centerville General stacks 22/03/2026   635 LOC-CPL-00028 22/03/2026 22/03/2026 Books